000 002580000a22001210004500
041 0 _aEng
082 0 4 _aCD 064
110 1 _aBiemStemra
245 1 0 _aRelaxation nature / BiemStemra
505 0 0 _aMúsica de la naturaleza CD Nº1
001 1065
942 _cLGB
999 _c48241
_d48241